000 00645 a2200181 4500
001 142889
040 _cLeonardo Da Vinci
041 _aPortuguês
082 _aAP469.5 S278p
_bS278p
100 _aSAVIOLI, Francisco Platão
245 _aPortuguês 1 - gramática, interpretação de textos
_bensino médio
250 _aLT
260 _bAnglo
_c2002
_aSão Paulo
300 _a154
362 _a20020000
697 _aPortuguês
_aGramática
_aInterpretação
_aSujeito
_aPredicado
_aPromono "se"
_aTermos associados ao verbo
_aTermos associados ao nome
_aPronomes pessoais
_aOrações Subordinadas Substantivas
_aArgumentação
_aLT
942 _cBK
999 _c142889
_d142889